Los Verbos Reflexivos - Statistics

General Stats
  • This quiz has been taken 347 times
  • The average score is 11 of 20
Answer Stats
Hint Answer % Correct
to shower one's self ducharse
92%
to bathe one's self bañarse
85%
to wash one's self lavarse
80%
to sit one's self down sentarse
76%
to fall asleep dormirse
75%
to get one's self up levantarse
72%
to dress one's self vestirse
72%
to feel (emotions) sentirse
71%
to brush one's self cepillarse
61%
to put one's self to bed acostarse
60%
to wake one's self up despertarse
58%
to put make-up on one's self maquillarse
55%
to shave one's self afeitarse
51%
to stay put quedarse
48%
to put on make-up (paint one's self) pintarse
40%
to comb one's self peinarse
37%
to quiet one's self callarse
33%
to enjoy one's self divertirse
33%
to put clothing on one's self ponerse la ropa
11%
to take clothing off of one's self quitarse la ropa
9%
No matching quizzes found
Score Distribution
Percent of People with Each Score
Percentile by Number Answered
Your Score History
You have not taken this quiz